Parque Nacional Natural Isla de Gorgona. (Registro nro. 20764)

Detalles MARC
000 -CABECERA
Campo de control 00776nam a22002057a 4500
005 - FECHA Y HORA DE LA ULTIMA TRANSACCION
Campo de control 20200130042536.0
008 - ELEMENTOS DE LONGITUD FIJA—INFORMACION GENERAL
Campo de control 200130b xxu||||| |||| 00| 0 spa d
040 ## - FUENTE DE CATALOGACIÓN
Agencia catalogadora original CO-BoIAVH
Agencia transcriptora CO-BoIAVH
041 ## - IDIOMA
Código de idioma para texto/pista de sonido o título separado Español
044 ## - PAÍS DE PUBLICACIÓN
País de publicación Colombia
110 ## - ASIENTO PRINCIPAL--NOMBRE CORPORATIVO
9 (RLIN) 24770
Nombre corporativo o de jurisdicción como elemento de entrada Instituto Nacional de los Recursos Naturales Renovables y del Ambiente - INDERENA
Lugar de la reunión (Bogotá)
245 ## - MENCION DE TITULO
Título Parque Nacional Natural Isla de Gorgona.
260 ## - PUBLICACION, DISTRIBUCION, ETC. (PIE DE IMPRENTA)
Lugar de publicación, distribución, etc. Bogotá:
Nombre del editor, distribuidor, etc. Instituto Nacional de los Recursos Naturales Renovables y del Ambiente,
Fecha de publicación, distribución, etc. s.f.
300 ## - DESCRIPCION FISICA
Extensión 1 folleto plegable:
Otros detalles físicos fotografías y mapas,
Dimensiones 22 x 11 cm.
650 #0 - ASIENTO SECUNDARIO DE MATERIA - TERMINO TEMATICO
9 (RLIN) 10546
Término temático o nombre geográfico como elemento de entrada Guías turísticas
650 #0 - ASIENTO SECUNDARIO DE MATERIA - TERMINO TEMATICO
9 (RLIN) 5364
Término temático o nombre geográfico como elemento de entrada Flora y Fauna
650 #0 - ASIENTO SECUNDARIO DE MATERIA - TERMINO TEMATICO
9 (RLIN) 10989
Término temático o nombre geográfico como elemento de entrada Investigación científica
650 #0 - ASIENTO SECUNDARIO DE MATERIA - TERMINO TEMATICO
9 (RLIN) 26933
Término temático o nombre geográfico como elemento de entrada Parques nacionales
Subdivisión geográfica Colombia.
942 ## - ELEMENTOS ADICIONALES (KOHA)
Sistema de clasificación Dewey Decimal Classification
Tipo de ítem Folleto
Existencias
Withdrawn status Lost status Sistema de Clasificación Damaged status No para préstamo Ubicación Permanente Ubicación actual Fecha de adquisición Total Checkouts Número topográfico Inventario / Código de Barras Date last seen Ejemplar Price effective from Forma de adquisición Tipo de material
    Dewey Decimal Classification     Bogotá Bogotá 30/01/2020   IND-F-98 044038 30/01/2020 Ej. 1 30/01/2020 Donación Folleto